Use of marbel slurry as filler materials and crushed stone waste as replacement of sand in concrete (Record no. 553541)
[ view plain ]
| 000 -LEADER | |
|---|---|
| fixed length control field | 00436nam a22001457a 4500 |
| 082 ## - DEWEY DECIMAL CLASSIFICATION NUMBER | |
| Classification number | P-605 |
| 100 ## - MAIN ENTRY--PERSONAL NAME | |
| Personal name | Sameer bin saleem, Capt. |
| 9 (RLIN) | 50789 |
| 245 ## - TITLE STATEMENT | |
| Title | Use of marbel slurry as filler materials and crushed stone waste as replacement of sand in concrete |
| 260 ## - PUBLICATION, DISTRIBUTION, ETC. | |
| Place of publication, distribution, etc. | Risalpur, |
| Name of publisher, distributor, etc. | MCE, |
| Date of publication, distribution, etc. | 2015. |
| 300 ## - PHYSICAL DESCRIPTION | |
| Extent | 85p. |
| 526 ## - STUDY PROGRAM INFORMATION NOTE | |
| Program name | 0 |
| Interest level | 0 |
| Reading level | 0 |
| Title point value | P_605 |
| 526 ## - STUDY PROGRAM INFORMATION NOTE | |
| Program name | 0 |
| Interest level | 0 |
| Reading level | 0 |
| Title point value | P_605 |
| 700 ## - ADDED ENTRY--PERSONAL NAME | |
| Personal name | Asst Prof Arshad ali |
| 9 (RLIN) | 50790 |
| 942 ## - ADDED ENTRY ELEMENTS (KOHA) | |
| Source of classification or shelving scheme | |
| Koha item type | Book |
| Withdrawn status | Lost status | Source of classification or shelving scheme | Damaged status | Not for loan | Permanent Location | Current Location | Date acquired | Total Checkouts | Full call number | Barcode | Date last seen | Price effective from | Koha item type |
|---|---|---|---|---|---|---|---|---|---|---|---|---|---|
| Military College of Engineering (MCE) | Military College of Engineering (MCE) | 06/30/2015 | P-605 | MCE-P-605 | 06/30/2015 | 06/30/2015 | Book | ||||||
| Military College of Engineering (MCE) | Military College of Engineering (MCE) | 06/30/2015 | P-605 | MCE-P-606 | 06/30/2015 | 06/30/2015 | Book |
